| 000 | 01070nam a2200325 i 4500 | ||
|---|---|---|---|
| 001 | 198113 | ||
| 003 | ES-MaACL | ||
| 005 | 20260630142430.0 | ||
| 007 | ta | ||
| 008 | 260216s2025 sp ||||| |||| 001 0 spa d | ||
| 017 |
_aM 28218-2025 _bOficina Depósito Legal Madrid |
||
| 020 | _a9798274196017 | ||
| 040 |
_bspa _cES-MaACL _aES-MaACL _erda |
||
| 080 | _a821.134.2-14"20" | ||
| 100 | 1 |
_aFernández García, Óscar _9242831 _4aut _eaut |
|
| 245 | 1 | 0 |
_aDe pesares y quereres : _b(romancero) / _cÓscar Fernández García |
| 264 | 1 |
_aTorrazza, Italia : _bAmazon Italia Logistica, _c2025 |
|
| 264 | 4 | _c©2025 | |
| 300 |
_a97 páginas ; _c23 cm |
||
| 336 |
_2rdacontent _atexto |
||
| 337 |
_2rdamedia _asin mediación |
||
| 338 |
_2rdacarrier _avolumen |
||
| 500 | _aÍndice | ||
| 655 | 4 |
_aPoesías _9176539 |
|
| 852 |
_aES-MaACL _cDEPO1 _jA-16044 _xEncuadernación rústica _9207570 |
||
| 942 |
_cMONOGRAFIA _n0 |
||
| 999 |
_c198113 _d198113 |
||